Border Country Biathlon [part 9 of 16] Quiz Stats

 Plays Quiz not verified by Sporcle

Also try: Indiana Cities
Challenge
Share
Tweet
Score 0/67 Timer 05:00
0 Plays Today
% Correct
Oman
93.4%
----- Yemen -----
93.4%
----- South Korea -----
90.6%
Qatar
89.6%
China
89.6%
Iraq
87.7%
Jordan
86.8%
----- Uganda -----
86.8%
Brazil
86.8%
Kuwait
85.8%
Burundi
85.8%
Israel
85.8%
----- Syria -----
85.8%
----- Germany -----
84.9%
United Arab Emirates
84%
South Pacific Ocean
84%
Russia
84%
----- Italy -----
84%
Democratic Republic of the Congo
83%
Chile
83%
Colombia
83%
Croatia
83%
Bolivia
82.1%
Belgium
82.1%
----- Ecuador -----
81.1%
Austria
78.3%
Tanzania
77.4%
Hungary
76.4%
North Atlantic Ocean
75.5%
----- Honduras -----
75.5%
----- Saudi Arabia -----
75.5%
North Atlantic Ocean
75.5%
Indian Ocean
74.5%
Guatemala
74.5%
% Correct
North Pacific Ocean
74.5%
Caribbean Sea
73.6%
Red Sea
71.7%
North Sea
70.8%
Mediterranean Sea
69.8%
Persian Gulf
67.9%
Persian Gulf
67.9%
----- Senegal -----
66%
Yellow Sea
51.9%
Gulf of Mexico
51.9%
Tasman Sea
50.9%
Sea of Japan
50.9%
Caribbean Sea (Aruba, Curaçao and Sint Maarten)
46.2%
Coral Sea
44.3%
Timor Sea
35.8%
Lake Titicaca
30.2%
Arafura Sea
27.4%
Gulf of Bahrain
24.5%
Gulf of Carpentaria
23.6%
Great Australian Bight
21.7%
Straits of Florida
16%
Lake Kivu
13.2%
Torres Strait
12.3%
Gulf of Venice
11.3%
Wadden Sea
11.3%
Lake Ihema
10.4%
Lake Rweru
10.4%
Yucatan Channel
9.4%
Gulf of Fonseca
9.4%
Lake Cyohoha Sud
8.5%
Korea Bay
8.5%
Piran Bay
8.5%
Dawhat Salwa
8.5%

You're not logged in!

Compare scores with friends on all Sporcle quizzes.
Join for Free
OR
Log In

You Might Also Like...

Show Comments

Extras

Top Quizzes Today


Score Distribution

Your Account Isn't Verified!

In order to create a playlist on Sporcle, you need to verify the email address you used during registration. Go to your Sporcle Settings to finish the process.

Report this User

Report this user for behavior that violates our Community Guidelines.

Details: